El libro de la nada / (Record no. 19204)

MARC details
000 -LEADER
campo de control de longitud fija 00642nam a2200217 i 4500
001 - NÚMERO DE CONTROL
campo de control 19204
003 - IDENTIFICADOR DE NÚMERO DE CONTROL
campo de control ES-MaACL
005 - FECHA Y HORA DE LA ÚLTIMA TRANSACCIÓN
campo de control 20230906152030.0
007 - CAMPO FIJO DE DESCRIPCIÓN FÍSICA--INFORMACIÓN GENERAL
campo de control de longitud fija t|
008 - DATOS DE LONGITUD FIJA--INFORMACIÓN GENERAL
campo de control de longitud fija 020607s2001 sp ||||1| spa d
020 ## - NÚMERO INTERNACIONAL ESTÁNDAR DEL LIBRO
Número Internacional Estándar del Libro 84-8432-301-3
100 1# - ENTRADA PRINCIPAL--NOMBRE DE PERSONA
Nombre de persona Barrow, John D.
9 (RLIN) 26078
245 13 - MENCIÓN DEL TÍTULO
Título El libro de la nada /
Mención de responsabilidad, etc. John D. Barrow ; traducción castellana de Javier García Sanz.
260 ## - PUBLICACIÓN, DISTRIBUCIÓN, ETC.
Lugar de publicación, distribución, etc. Barcelona :
Nombre del editor, distribuidor, etc. Crítica,
Fecha de publicación, distribución, etc. [2001]
300 ## - DESCRIPCIÓN FÍSICA
Extensión 367 p. :
Otras características físicas il. ;
Dimensiones 24 cm.
490 1# - MENCIÓN DE SERIE
Mención de serie Drakontos
700 1# - ENTRADA AGREGADA--NOMBRE PERSONAL
Nombre de persona García Sanz, José Javier.
9 (RLIN) 55280
830 0# - PUNTO DE ACCESO ADICIONAL DE SERIE-TÍTULO UNIFORME
Título uniforme Drakontos
9 (RLIN) 179166
852 ## - LOCALIZACIÓN
Ubicación ES-MaACL
Número de control de estantería L-25638
Sublocalización o colección R.131372
Holdings
Estatus retirado Estado de pérdida Estado de daño No para préstamo Biblioteca de origen Biblioteca actual Ubicación en estantería Fecha de adquisición Fuente de adquisición Total de préstamos Signatura topográfica completa Código de barras Visto por última vez Precio de reemplazo Tipo de ítem Koha
        Biblioteca del Ateneo de Madrid Biblioteca del Ateneo de Madrid Depósito 2 17/01/2008     L-25638 1019649 23/02/2023 23/02/2023 Libro impreso